Fundamentos de fisiopatología: alteraciones de la salud. Conceptos básicos
Zapisane w:
| Główni autorzy: | , , |
|---|---|
| Format: | Książka |
| Język: | hiszpański |
| Wydane: |
Ciudad de México
Wolters Kluwer Health México
2011
|
| Wydanie: | 1a. ed |
| Hasła przedmiotowe: | |
| Etykiety: |
Dodaj etykietę
Nie ma etykietki, Dołącz pierwszą etykiete!
|
MARC
| LEADER | 00000cam a2200000 a 4500 | ||
|---|---|---|---|
| 001 | UCG9525 | ||
| 003 | CL-VaPUC | ||
| 005 | 20231114125538.0 | ||
| 008 | 120322e20110000MX |||||||||||||||||spa|d | ||
| 999 | |c 347073 |d 347071 | ||
| 020 | |a 9788496921924 | ||
| 040 | |c Pontificia Universidad Católica de Valparaíso | ||
| 082 | 0 | 4 | |a 616.07 |b POR |2 21 |
| 100 | 0 | |a Porth, Carol Mattson |e author |9 561133 | |
| 245 | 1 | 0 | |a Fundamentos de fisiopatología: alteraciones de la salud. Conceptos básicos |
| 250 | |a 1a. ed | ||
| 260 | |a Ciudad de México |b Wolters Kluwer Health México |c 2011 | ||
| 300 | |a 1256 p | ||
| 583 | |a last modification |c 20140723 12:26:51 |k Rodrigo Vera | ||
| 650 | 0 | |a Fisiopatología |9 407166 | |
| 650 | 0 | |a Genética humana |9 269609 | |
| 650 | 0 | |a Biología molecular |9 269677 | |
| 650 | 0 | |a Psicología fisiológica |9 309849 | |
| 650 | 0 | |a Exploración clínica (Diagnóstico) |9 885834 | |
| 700 | 0 | |a Gaspard, Kathryn J |e author |9 561134 | |
| 700 | 0 | |a Noble, Kim A |e author |9 561135 | |
| 942 | |c BK |2 ddc | ||
| 945 | |d 20120322 00:00:00 |a cmena | ||
| 952 | |0 0 |1 0 |2 ddc |4 0 |6 616_070000000000000_POR_2011 |7 0 |8 A |9 448167 |a BIBCUR |b BIBCUR |d 2019-11-22 |i 4850416 |l 1 |o 616.07 POR 2011 |p 4850416 |r 2025-04-22 |s 2023-03-20 |w 2019-11-22 |y BK_R |k TEM | ||
| 952 | |0 0 |1 0 |2 ddc |4 0 |6 616_070000000000000_POR_2011 |7 0 |8 A |9 448168 |a BIBCUR |b BIBCUR |d 2019-11-22 |i 4850424 |l 2 |o 616.07 POR 2011 |p 4850424 |r 2025-04-22 |s 2023-04-20 |w 2019-11-22 |y BK_R |k TEM | ||
| 952 | |0 0 |1 0 |2 ddc |4 0 |6 616_070000000000000_POR_2011 |7 0 |8 A |9 448169 |a BIBCUR |b BIBCUR |d 2019-11-22 |i 4850432 |l 5 |m 1 |o 616.07 POR 2011 |p 4850432 |r 2025-04-22 |s 2023-03-21 |w 2019-11-22 |y BK_R |k TEM | ||
| 952 | |0 0 |1 0 |2 ddc |4 0 |6 616_070000000000000_POR_2011 |7 0 |8 A |9 448171 |a BIBCUR |b BIBCUR |d 2019-11-22 |i 4850459 |l 5 |o 616.07 POR 2011 |p 4850459 |r 2025-04-22 |s 2023-03-28 |w 2019-11-22 |y BK_R |k TEM | ||
| 952 | |0 0 |1 0 |2 ddc |4 0 |6 616_070000000000000_POR_2011 |7 0 |8 A |9 448172 |a BIBCUR |b BIBCUR |d 2019-11-22 |i 4850467 |o 616.07 POR 2011 |p 4850467 |r 2025-04-22 |w 2019-11-22 |y BK_R |k TEM | ||
| 952 | |0 0 |1 0 |2 ddc |3 erb |4 0 |6 616_070000000000000_POR_2011 |7 0 |8 A |9 448173 |a BIBCUR |b BIBCUR |i 5091403 |l 10 |m 2 |o 616.07 POR 2011 |p 5091403 |r 2025-04-22 |s 2025-03-11 |w 2019-11-22 |y BK_R |z Catalogado en:20140724 |k KIN | ||
| 952 | |0 0 |1 0 |2 ddc |3 erb |4 0 |6 616_070000000000000_POR_2011 |7 0 |8 A |9 448174 |a BIBCUR |b BIBCUR |i 5091411 |l 9 |o 616.07 POR 2011 |p 5091411 |r 2025-04-22 |s 2023-06-05 |w 2019-11-22 |y BK_R |z Catalogado en:20140724 |k KIN | ||
| 952 | |0 0 |1 0 |2 ddc |3 erb |4 0 |6 616_070000000000000_POR_2011 |7 0 |8 A |9 448175 |a BIBCUR |b BIBCUR |i 509142K |l 14 |m 4 |o 616.07 POR 2011 |p 509142K |r 2025-04-22 |s 2025-04-08 |w 2019-11-22 |y BK_R |z Catalogado en:20140724 |k KIN | ||
| 952 | |0 0 |1 0 |2 ddc |3 erb |4 0 |6 616_070000000000000_POR_2011 |7 0 |8 A |9 448176 |a BIBCUR |b BIBCUR |i 5091438 |l 5 |o 616.07 POR 2011 |p 5091438 |r 2025-04-22 |s 2023-04-04 |w 2019-11-22 |y BK_R |z Catalogado en:20140724 |k KIN | ||
| 952 | |0 0 |1 0 |2 ddc |3 erb |4 0 |6 616_070000000000000_POR_2011 |7 0 |8 A |9 448177 |a BIBCUR |b BIBCUR |i 5091446 |l 8 |m 1 |o 616.07 POR 2011 |p 5091446 |r 2025-04-22 |s 2025-03-17 |w 2019-11-22 |y BK_R |z Catalogado en:20140724 |k KIN | ||
| 952 | |0 0 |1 0 |2 ddc |3 erb |4 0 |6 616_070000000000000_POR_2011 |7 0 |8 A |9 448178 |a BIBCUR |b BIBCUR |i 5091454 |l 14 |m 1 |o 616.07 POR 2011 |p 5091454 |r 2025-04-22 |s 2023-04-20 |w 2019-11-22 |y BK_R |z Catalogado en:20140724 |k KIN | ||
| 952 | |0 0 |1 0 |2 ddc |3 erb |4 0 |6 616_070000000000000_POR_2011 |7 0 |8 A |9 448179 |a BIBCUR |b BIBCUR |i 5091462 |l 12 |m 1 |o 616.07 POR 2011 |p 5091462 |r 2025-04-22 |s 2023-04-24 |w 2019-11-22 |y BK_R |z Catalogado en:20140724 |k KIN | ||